• 首页
  • 本馆介绍
  • 公告通知
  • 最新文献
  • 馆藏检索
  • 电子资源
  • 读者导购
  • 参考咨询
  • 我的图书馆
  • 登录
  • 详细信息显示
  • 放入我的书架
  • 预约/预借图书
  • 作者相关作品
  • 分类相关作品
  • 丛书相关作品
  • 出版社相关作品

书目信息

  • 表格格式
  • 工作单格式
  • 卡片格式
题名:
常用电视接收天线
    
 
作者: 俱新德
分册:  
出版信息:   国防工华出版社  1983.06
页数: 281页
开本: 19cm
丛书名:
单 册:
中图分类: TM11
科图分类:
主题词: 电工单位 , 电工--计算
电子资源:
ISBN:
000 00535nam0 2200205 45
001 0308271093
005 20030827104455.3
010    @dRMB1.15
100    @a20030827d1983 km y0chiy0120 ea
101    @achi
105    @a z 000yy
200 1  @a常用电视接收天线@Achang yong dian shi jie shou tian xian@f俱新德@Fju xin de
210    @c国防工华出版社@d1983.06
215    @a281页@c无图表@d19cm
606 0  @a电工单位
606 0  @a电工@x计算
690    @aTM11@v3
701  0 @a俱新德
801    @aCN@b@c20030827
905    @aBZT@dTM11@e10
    
    常用电视接收天线/俱新德.-国防工华出版社,1983.06
    281页:无图表;19cm
    
    
    ISBN :RMB1.15
    
●
相关链接 在五车中查询图书 在当当中查询图书 在豆瓣中查询图书


正题名:常用电视接收天线     索取号:TM11/10         预约/预借

序号 登录号 条形码 馆藏地/架位号 状态 备注
山东省滨州职业学院图书馆 欢迎您!
大连网信软件有限公司© 版权所有